Southville International School and Colleges
Your cart is empty.
  • Cart
  • Lists
    Public lists Eva Luna New books Lux_list list_1
    Your lists Log in to create your own lists
  • Log in to your account
  • Your cookies
  • Search history
Southville International School and Colleges
  • Advanced search
  • Recent comments
  • Most popular
  • Libraries

Log in to your account

Log in with GOOGLE


If you do not have an external account, but do have a local account, you can still log in:

  1. Home
  2. MARC view: Examination paper and markscheme pack :
Normal view MARC view ISBD view

Examination paper and markscheme pack : (Record no. 109300)

[ view plain ]
MARC details
000 -LEADER
fixed length control field 00668nam a2200181 a 4500
005 - DATE AND TIME OF LATEST TRANSACTION
control field 20140414093841.0
008 - FIXED-LENGTH DATA ELEMENTS--GENERAL INFORMATION
fixed length control field 071030s19uu xx uuu eng d
050 ## - LIBRARY OF CONGRESS CALL NUMBER
Classification number CDR 000
Item number EXA 2007
245 ## - TITLE STATEMENT
Title Examination paper and markscheme pack :
Remainder of title May 2007 examination session.
260 ## - PUBLICATION, DISTRIBUTION, ETC. (IMPRINT)
Place of publication, distribution, etc Sl :
Name of publisher, distributor, etc IBO,
Date of publication, distribution, etc c2007.
300 ## - PHYSICAL DESCRIPTION
Extent 2 computerfiles
520 ## - SUMMARY, ETC.
Summary, etc All six Diploma Programme subjects covered: language A1, Second language, Individuals and societies, experimental sciences, mathematics and computer sciences and the Arts.
650 ## - SUBJECT ADDED ENTRY--TOPICAL TERM
Topical term or geographic name as entry element Examination paper.
650 ## - SUBJECT ADDED ENTRY--TOPICAL TERM
Topical term or geographic name as entry element Markschemes.
650 ## - SUBJECT ADDED ENTRY--TOPICAL TERM
Topical term or geographic name as entry element International Baccalaureate.
942 ## - ADDED ENTRY ELEMENTS (KOHA)
Koha item type Audio Visual Materials
Holdings
Withdrawn status Lost status Source of classification or shelving scheme Damaged status Home library Current library Shelving location Date acquired Source of acquisition Total Checkouts Full call number Barcode Date last seen Price effective from Koha item type
    Library of Congress Classification   Luxembourg Library Luxembourg Library Audio Visual Material Section 10/30/2007 Donation   CDR 000 EXA 2007 AV0937 12/12/2019 04/14/2014 Audio Visual Materials

Examination paper and markscheme pack :

APA

(2007). Examination paper and markscheme pack. Sl: IBO.

Chicago

2007. Examination paper and markscheme pack. Sl: IBO.

Harvard

(2007). Examination paper and markscheme pack. Sl: IBO.

MLA

Examination paper and markscheme pack. Sl: IBO. 2007.

  • Place hold
  • Print
  • Cite
  • Add to your cart (remove)
  • Save record
    BIBTEX Dublin Core MARCXML MARC (non-Unicode/MARC-8) MARC (Unicode/UTF-8) MARC (Unicode/UTF-8, Standard) MODS (XML) RIS
  • More searches
    Search for this title in:
    Other Libraries (WorldCat) Other Databases (Google Scholar) Online Stores (Bookfinder.com) Open Library (openlibrary.org)

Exporting to Dublin Core...

SOUTHVILLE LIBRARY

Southville International School and Colleges Library

1281 Tropical Ave. Cor. Luxembourg St., BF Homes International, Las Pinas City

Tel. No. 8256374 / 252358 Loc. 117/146

Powered by Koha